Statistics for US States That Are Either 4 5 Or 6 Letters Long

Click here to take the quiz!

General Stats

  • This quiz has been taken 53 times
  • The average score is 8 of 11

Answer Stats

Answer% Correct
Maine
98%
Utah
91%
Idaho
89%
Ohio
86%
Iowa
84%
Texas
82%
Kansas
66%
Hawaii
61%
Oregon
57%
Alaska
50%
Nevada
45%

Score Distribution

Percentile by Number Answered

Percent of People with Each Score

Your Score History

You have not taken this quiz